000 00896nam a2200241 a 4500
001 000025955
005 20200930024200.0
008 110224s2002 mx r 000 0 spa d
020 _a9707020296
040 _aDO-SdBNP
_bspa
_cBNPHU
082 _a378.9
_bW769e
100 1 _aWingartz Plata, Óscar.
_952830
245 1 0 _aEducación y sociedad al final del milenio :
_breflexiones sobre política educativa /
_cÓscar Wingartz Plata.
260 _aMéxico, D. F. :
_bUniversidad Pedagógica Nacional. Dirección de Difusión y Extensión Universitaria,
_c2002.
300 _a142 p. ;
_c22 cm.
490 1 _aTextos.
_v30
500 _aIncluye referencias bibliográficas y notas al pie de las páginas.
650 4 _aEducación superior
_xHistoria
_928584
650 4 _aReforma educativa
_911804
650 4 _aSociología de la educacion
_97856
830 0 _aTextos
_v30
_914460
049 _aBNGR
999 _c25447
_d25447